Resultados y lecciones en desarrollo de productos a base de propóleos: proyecto de innovación en IX Región de La Araucanía.
Guardado en:
| Autores Corporativos: | , |
|---|---|
| Formato: | Libro |
| Lenguaje: | español |
| Publicado: |
Santiago, Chile
FIA
2009
|
| Colección: | Experiencias de Innovación para el Emprendimiento Agrario.
48 |
| Materias: | |
| Etiquetas: |
Agregar Etiqueta
Sin Etiquetas, Sea el primero en etiquetar este registro!
|
MARC
| LEADER | 00000nam a2200000 a 4500 | ||
|---|---|---|---|
| 001 | UCG3626 | ||
| 003 | CL-VaPUC | ||
| 005 | 20221122074350.0 | ||
| 008 | 100909e20090800CL |||||||||||||||||spa|d | ||
| 999 | |c 342673 |d 342671 | ||
| 020 | |a 9789563280524 | ||
| 040 | |c Pontificia Universidad Católica de Valparaíso | ||
| 082 | 0 | 4 | |a 638.16 FUN 2009 |2 21 |
| 110 | 2 | |a Fundación para la Innovación Agraria |9 552912 | |
| 245 | 1 | 0 | |a Resultados y lecciones en desarrollo de productos a base de propóleos: proyecto de innovación en IX Región de La Araucanía. |
| 260 | 0 | 3 | |a Santiago, Chile |b FIA |c 2009 |
| 300 | |a 56 páginas. | ||
| 490 | 0 | |a Experiencias de Innovación para el Emprendimiento Agrario. |v 48 | |
| 500 | |a Incluye separata Ficha de valoración de resultados | ||
| 583 | |a last modification |c 20120910 05:13:30 |k Rodrigo Vera | ||
| 650 | 7 | |a MIEL DE ABEJA |2 CL-VaPUC |9 552914 | |
| 650 | 0 | |a Apicultura |9 264400 | |
| 650 | 7 | |a PROPOLEO |2 CL-VaPUC |9 552915 | |
| 650 | 0 | |a Análisis de mercado |9 260838 | |
| 650 | 0 | |a Abejas (Apoidea) |9 269522 | |
| 710 | 2 | |a Ministerio de Agricultura |9 552913 | |
| 942 | |c BK |2 ddc | ||
| 945 | |d 20100909 00:00:00 |a dcastane | ||
| 952 | |0 0 |1 0 |2 ddc |4 0 |6 638_160000000000000_FUN_2009 |7 0 |8 A |9 439099 |a BIBAGR |b BIBAGR |d 2019-11-22 |i 4710592 |o 638.16 FUN 2009 |p 4710592 |r 2025-01-20 |t 1 |w 2019-11-22 |y BK |k AGR | ||
| 952 | |0 0 |1 0 |2 ddc |4 0 |6 638_160000000000000_FUN_2009 |7 0 |8 A |9 439100 |a BIBAGR |b BIBAGR |d 2019-11-22 |i 4710606 |o 638.16 FUN 2009 |p 4710606 |r 2025-01-20 |t 2 |w 2019-11-22 |y BK |k AGR | ||
| 952 | |0 0 |1 0 |2 ddc |4 0 |6 638_160000000000000_FUN_2009 |7 0 |8 A |9 439101 |a BIBAGR |b BIBAGR |d 2019-11-22 |i 4751124 |o 638.16 FUN 2009 |p 4751124 |r 2025-01-20 |t 3 |w 2019-11-22 |y BK |k AGR | ||